000 00446nam a2200181Ia 4500
001 10073
005 20260306161805.0
008 260306t2019||||xx |||||||||||||| ||spa||
041 _aESP
082 _aGR 880
_bT74
100 _aTorres Guerra, José B.
_eAUT
245 0 _aIntroducción a la literatura griega antigua
260 _c2019
300 _a309 páginas :
_c21 cm.
650 _aGEN
654 _aCHU
942 _cLIB
_dJUS
_fJUS
_2ddc
_n
999 _c10073
_d10073